00580nam a22001932 4500001001100000005001700011008004100028020001700069040001500086100003600101245010000137250001300237260003400250300001600284650002300300650003000323650003000353852000300383000002065720151217145926.0110930s xx 000 0 eng d a0521886116 : aKABUcKABU1 aJojarth, Christine.@000018114110aCrime, war, and global trafficking :bdesigning international cooperation /cChristine Jojarth. a1st ed. aCambridge :bC. U. P.,c2009. axv, 325 p. 0aCrime.@0000153131 0aGlobalizaion.@0000158256 0aDrug traffic.@00001047461